000 00462ntaaa2200181 4500
003 01
005 20251027201346.0
008 0714s1973 ag 01
040 _aAR-BaBN
_bspa
_cAR-BaBN
_eaacr
_dRIC
082 _a225.0000 Al 5
100 _aAllen, Carlos
_911974
245 _aGuía de estudios sobre estudios en el Neuvo Testamento
250 _a1 ed.
260 _aEl Paso :
_bCBP,
_c1972
300 _a95 p.
650 _aBiblia-Nuevo Testamento
942 _cBK
999 _c8099
_d8099